00598nam a2200181Ia 4500952013700000999001500137003000400152005001700156008004100173040000900214082001800223100002500241245004500266260004300311300000900354650001100363942004200374 00102ddc40708BOTANYaMESbMEScBOTANYd2019-02-20g55.00l0o582.13 VAS/Tp17486r2019-02-20 00:00:00t2w2019-02-20yBKzGL19R4 c1397d1397OSt20200928111752.0190216s9999||||xx |||||||||||||| ||und|| coclc a582.13bVAS/T aVashishta, P C94771 0aTaxonomy Of Angiosperms /cP C Vashishta bRchand And Company,c1986.aNew Delhi: a884p aBotany cBK2ddch582.13iVAS/Tk582.13mVAS/T